Bimlov's General Knowledge #8 - Statistics

General Stats
  • This quiz has been taken 20 times
  • The average score is 11 of 20
Answer Stats
Hint Answer % Correct
What cereal grain is the staple food of over half of the world's population? Rice
88%
What is the most popular and effective active ingredient in toothpaste to prevent cavities? Fluoride
82%
Who wrote 'To Kill A Mockingbird'? Harper Lee
82%
What is the only country with 3 capital cities? South Africa
82%
The White Star Line built what famous vessel? Titanic
82%
What country was the largest consumer and importer of coal in 2020? China
76%
Chadwick Boseman portrayed what Marvel super hero? Black Panther
71%
The phalanges are bones in what human body part? Hands
71%
What is the capital and largest city of Tennessee? Nashville
71%
What is the term for an atom that carries a positive or negative electric charge? Ion
59%
The Pentagon is the headquarters building of what United States department? Defense
53%
What is the name for a domestic cat of any breed with a tri-color coat of white, orange and black? Calico
47%
What year was the first International Space Station module launched? 1998
41%
Who won the Pulitzer Prize for Music for their 2017 hip hop album 'Damn'? Kendrick Lamar
41%
The reflex piloerection is responsible for causing what? Goosebumps
35%
What is the tallest mountain in the world from base to peak? Mauna Kea
35%
Rafflesia arnoldii is the largest species of what? Flowering Plant
29%
What fish is often nicknamed the "doomsday fish" because, historically, appearances of the fish were linked with subsequent natural disasters? Oarfish
18%
In Egyptian mythology who is the god of deserts, storms, disorder, violence, and foreigners? Set
18%
In Eight Ball Pool what two numbers are associated with green? 6 and 14
12%
No matching quizzes found
Score Distribution
Percent of People with Each Score
Percentile by Number Answered
Your Score History
You have not taken this quiz